00599nam a2200181 a 450000100060000000300090000600800410001502000150005604000280007108200140009910000350011324501100014826000230025830000160028165000340029765000290033165000570036025325CO-ViMGA141112s2004 ck r 000 u spa d a958690282X aCO-ViMGAbspacCO-ViMGA04a343 C171i1 aCarranza Piña, Jorge Eduardo10aLa Inculpabilidad y la Inumputabilidad Social en el Nuevo Codigo Penal / cJorge Eduardo Carranza Piña aColombia : bLeyer a126 p. 23cm14aLa accion social del hombre 14aLa inculpabilidad social14aLos sujetos en el ordenamiento juridico colombiano